Responses for show #3343 - Wednesday, March 3, 1999

1999-A Teen Tournament semifinal game 3.

Contestants

Joan Williams, a senior from Chicago, Illinois

Lina Ghosh, a senior from Evansville, Indiana

Elizabeth Nyman, a sophomore from Jacksonville, Florida

Jeopardy! Round responses

THE 50 STATES
HOW TO BE A BAD SPORT
BRAND NAMES
THE 20th CENTURY
CLASSIC STAR TREK
(Alex: All about the series.)
RHYMES WITH TEEN
    $100 1
Alaska

Joan
    $100 21
Bowling

Lina
    $100 2
(J: What are doughnuts?)

Yo-yos

Joan
Triple Stumper
    $100 7
Fidel Castro

Elizabeth
    $100 28
(buzzer sounds)

"Bones"

Triple Stumper
    $100 12
Mean

Joan
    $200 3
Illinois

Joan
    $200 25
Soccer

Lina
    $200 17
Play-Doh

Joan
    $200 8
Antarctica

Elizabeth
    $200 13
Bean

Elizabeth
    $300 4
Texas

Elizabeth
    $300 27
Golf

Elizabeth
    $300 18
Bisquick

Elizabeth
    $300 9
Woodrow Wilson

Elizabeth
    $300 14
Lean

Joan
    $400 5
(L: What is Arizona?)

New Mexico

LinaJoan
    $400 24
(J: What is goldfish?)
(less than a minute to go...)

Go fish

ElizabethJoan
    $400 19
(Alex: They used to be known as Cheerioats.)

Cheerios

Triple Stumper
    $400 10
(E: What is an X-ray?)

Television

Elizabeth
Triple Stumper
    $400 23
(L: Who is Q?)

Khan

Lina
Triple Stumper
    $400 15
Dean

Elizabeth
    $500 6
(J: What are Puerto Rico & Guam?)
(E: What are Massachusetts & Virginia?)

Kentucky, Massachusetts, Pennsylvania, Virginia

ElizabethJoan
    $500 26
Risk

Triple Stumper
    $500 20
(E: What is Magnavo?)
(Alex: You left out one very important letter, the "X".)

Magnavox

Elizabeth
    $500 11
Manuel Noriega

Triple Stumper
    $500 22
Tiberius

Triple Stumper
    $500 16
(L: Who is...[time]?)

Queen

LinaJoan

Scores at the first commercial break (after clue 14):

Elizabeth Lina Joan
$1,200 -$400 $500

Scores at the end of the Jeopardy! Round:

Elizabeth Lina Joan
$2,100 -$1,000 $800

Double Jeopardy! Round responses

GENERAL SCIENCE
COLLEGE FOOTBALL
TEENS OF THE PAST
OPERA & BALLET
AUTHOR! AUTHOR!
"KNIFE", "FORK" OR "SPOON"
    $200 2
(L: Who is Pasteur?)
(Alex: We needed the method.)

Pasteurization

LinaJoan
    $200 23
Cotton Bowl

Triple Stumper
    $200 9
Billy the Kid

Joan
    $200 11
Cinderella

Elizabeth
    $200 12
Charles Darwin

Elizabeth
    $200 17
(J: What is a knife?)

Jackknife

Joan
Triple Stumper
    $400 3
Marie Curie

Joan
    $400 24
(and we have a minute to go...)

Tennessee

Elizabeth
    $400 8
Isabella

Elizabeth
    $400 15
Baritone

Lina
    $400 13
(J: Who is Steinbeck?)

F. Scott Fitzgerald

Joan
Triple Stumper
    $400 18
Spoonerism

Elizabeth
    $600 4
DNA (deoxyribonucleic acid)

Lina
    $600 25
Brigham Young University

Triple Stumper
    $600 7
Thomas Edison

Elizabeth
    $600 26
Tchaikovsky

Joan
    $600 14
Thomas Hardy

Joan
    $600 19
Forklift

Lina
    $800 5
Argon

Lina
    $200 6
Confucius

Lina
    $800 27
The Turn of the Screw

Triple Stumper
    $800 21
Nathanael West

Joan
    $800 16
Reese Witherspoon

Elizabeth
    $1000 1
(L: What is Pluto?)

Mercury

LinaJoan
    $1000 10
Peter the Great

Joan
    $1000 28
(buzzer sounds)

Frederic Chopin

Joan
    $1000 22
Jane Austen

Elizabeth
    $1000 20
Spoonbill

Triple Stumper

Scores at the end of the Double Jeopardy! Round:

Elizabeth Lina Joan
$6,100 $400 $6,000

[wagering suggestions for these scores]

Final Jeopardy! Round responses

THE PRESIDENCY
(Alex: Reason, of course, is because this individual was not born in the United States, but was born in Prague,
Czechoslovakia.)
LinaWho is Newt Gingrich?
$150
JoanWho is the Secretary of State?
$4,599
ElizabethWho is Albright
$6,000
Madeleine Albright (Secretary of State)

Final scores:

Elizabeth Lina Joan
$12,100 $250 $10,599
Finalist 3rd place: $5,000 2nd place: $5,000

Game dynamics:

Coryat scores:

Elizabeth Lina Joan
$6,600 $1,000 $6,000
18 R,
2 W
(including 1 DD)
7 R
(including 2 DDs),
5 W
16 R,
5 W

Combined Coryat: $13,600

The J! Archive is created by fans, for fans. The Jeopardy! game show and all elements thereof, including but not limited to copyright and trademark thereto, are the property of Jeopardy Productions, Inc. and are protected under law. This website is not affiliated with, sponsored by, or operated by Jeopardy Productions, Inc. Join the discussion at JBoard.tv.